مكتبة جامعة عجلون الوطنية

فهرس بحث المكتبة

Normal view MARC view
  • المرافعات المدنية -- المرافعات التجارية -- قانون المرافعات -- قانون الإثبات

Entry Topical Term

Number of records used in: 1

001 - CONTROL NUMBER

  • control field: 44168

003 - CONTROL NUMBER IDENTIFIER

  • control field: JO-AjAnu

005 - DATE AND TIME OF LATEST TRANSACTION

  • control field: 20230606081320.0

008 - FIXED-LENGTH DATA ELEMENTS

  • fixed length control field: 230606|| aca||aabn | a|a d

040 ## - CATALOGING SOURCE

  • Original cataloging agency: JO-AjAnu
  • Transcribing agency: JO-AjAnu

150 ## - HEADING--TOPICAL TERM

  • Topical term or geographic name entry element: المرافعات المدنية -- المرافعات التجارية -- قانون المرافعات -- قانون الإثبات

670 ## - SOURCE DATA FOUND

  • Source citation: Work cat.: (JO-AjAnu)22615: أبو الوفا، أحمد, author 44167, المرافعات المدنية والتجارية بمقتضى قانون المرافعات رقم 13 لسنة 1968وقانون الإثبات رقم 25لسنة 1968